| 000 | 00373nam a2200145Ia 4500 | ||
|---|---|---|---|
| 008 | 230312s9999||||xx |||||||||||||| ||und|| | ||
| 020 | _a81-315-2656-9 | ||
| 082 |
_a720.19 _bHEL-D |
||
| 100 | _aHelper; Dana J | ||
| 245 | 0 | _aDrafting & Design for Architecture & Design | |
| 260 |
_bCengage Learning _aIndia _c2013 |
||
| 300 | _a853 | ||
| 650 | _aArchitecture | ||
| 942 | _cBK | ||
| 999 |
_c11801 _d11801 |
||